[Event "WchT Blitz Pool C"]
[Site "London"]
[Date "2025.06.14"]
[Round "11.2"]
[White "Beknazarov, Emir"]
[Black "Gurel, Ediz"]
[Result "0-1"]
[WhiteElo "1878"]
[BlackElo "2636"]
[PlyCount "46"]
[EventDate "2025.06.14"]
[EventType "team-tourn"]
[EventRounds "13"]
[EventCountry "ENG"]
[SourceTitle "CB25_2025"]
[SourceDate "2025.06.18"]
[SourceVersion "1"]
[SourceVersionDate "2025.06.18"]
[SourceQuality "1"]
[WhiteTeam "KYR Youth"]
[BlackTeam "Generation XYZA"]
[WhiteTeamCountry "KGZ"]
[BlackTeamCountry "TUR"]

1. Nf3 d5 2. b3 Bf5 3. Bb2 e6 4. e3 Nf6 5. c4 c6 6. Nc3 h6 7. Be2 Nbd7 8. 0-0 Bd6 9. cxd5 exd5 10. d3 0-0 11. h3 Re8 12. Qd2 a5 13. Rac1 Bh7 14. a3 Nc5 15. Qd1 Qb6 16. Nd4 Be5 17. Rb1 Ncd7 18. Na4 Qc7 19. Rc1 Qd8 20. Nc5 Nxc5 21. Rxc5 Qe7 22. Rc1 c5 23. f4 Bxd4 0-1

[Event "WchT Blitz Pool C"]
[Site "London"]
[Date "2025.06.14"]
[Round "6.2"]
[White "Gurel, Ediz"]
[Black "Krivenko, Dion"]
[Result "1-0"]
[WhiteElo "2636"]
[BlackElo "2243"]
[PlyCount "79"]
[EventDate "2025.06.14"]
[EventType "team-tourn"]
[EventRounds "13"]
[EventCountry "ENG"]
[SourceTitle "CB25_2025"]
[SourceDate "2025.06.18"]
[SourceVersion "1"]
[SourceVersionDate "2025.06.18"]
[SourceQuality "1"]
[WhiteTeam "Generation XYZA"]
[BlackTeam "OlalaStars"]
[WhiteTeamCountry "TUR"]
[BlackTeamCountry "EST"]

1. Nf3 Nf6 2. b3 g6 3. Bb2 Bg7 4. e3 0-0 5. Be2 d6 6. d4 a5 7. c4 a4 8. bxa4 Na6 9. 0-0 c5 10. Nc3 Qa5 11. Nb5 Bf5 12. Bc3 Qd8 13. d5 Nb8 14. Nh4 Bc8 15. Rb1 Nbd7 16. Nf3 Ne4 17. Bxg7 Kxg7 18. Bd3 Ndf6 19. h3 Bd7 20. Qc2 Bf5 21. g4 Bxg4 22. hxg4 Qd7 23. Nh2 Ng5 24. f4 Nh3+ 25. Kg2 h5 26. g5 Ng4 27. Rf3 f6 28. Rxh3 fxg5 29. Rf1 gxf4 30. exf4 Rf6 31. Nxg4 hxg4 32. Rh4 Raf8 33. Rfh1 Rxf4 34. Rh7+ Kf6 35. Qb2+ Kg5 36. R1h5+ gxh5 37. Qg7+ Kh4 38. Rxh5+ Kxh5 39. Qg6+ Kh4 40. Qh6# 1-0

[Event "WchT Blitz Pool C"]
[Site "London"]
[Date "2025.06.14"]
[Round "5.2"]
[White "Kiremitciyan, Ari"]
[Black "Gurel, Ediz"]
[Result "0-1"]
[WhiteElo "2271"]
[BlackElo "2636"]
[PlyCount "87"]
[EventDate "2025.06.14"]
[EventType "team-tourn"]
[EventRounds "13"]
[EventCountry "ENG"]
[SourceTitle "CB25_2025"]
[SourceDate "2025.06.18"]
[SourceVersion "1"]
[SourceVersionDate "2025.06.18"]
[SourceQuality "1"]
[WhiteTeam "ANI"]
[BlackTeam "Generation XYZA"]
[WhiteTeamCountry "ENG"]
[BlackTeamCountry "TUR"]

1. Nf3 d5 2. g3 Nf6 3. Bg2 Bg4 4. h3 Bxf3 5. exf3 e6 6. 0-0 Be7 7. f4 0-0 8. d3 Nbd7 9. Nd2 c6 10. Nf3 a5 11. a4 b5 12. Ne5 Qc7 13. Re1 bxa4 14. Rxa4 Nb6 15. Ra1 a4 16. c3 Bd6 17. h4 c5 18. h5 h6 19. Ng4 Nxg4 20. Qxg4 Nd7 21. c4 Nf6 22. Qf3 dxc4 23. dxc4 e5 24. fxe5 Bxe5 25. Re3 Bd4 26. Rea3 Rae8 27. Rxa4 Re1+ 28. Kh2 Bxf2 29. Bf4 Qd7 30. Bh3 Qd4 31. Rxe1 Bxe1 32. b3 Qb2+ 33. Bg2 Re8 34. Ra8 Rxa8 35. Qxa8+ Kh7 36. Qf3 Bc3 37. Qd3+ Kh8 38. Qd1 Bd4 39. Kh3 Qf2 40. Qf3 Qe1 41. Qa8+ Kh7 42. Qf3 Qe6+ 43. g4 Nxh5 44. Qe4+ 0-1

[Event "WchT Blitz Pool C"]
[Site "London"]
[Date "2025.06.14"]
[Round "2.2"]
[White "Wu, Li"]
[Black "Gurel, Ediz"]
[Result "0-1"]
[WhiteElo "2278"]
[BlackElo "2636"]
[PlyCount "70"]
[EventDate "2025.06.14"]
[EventType "team-tourn"]
[EventRounds "13"]
[EventCountry "ENG"]
[SourceTitle "CB25_2025"]
[SourceDate "2025.06.18"]
[SourceVersion "1"]
[SourceVersionDate "2025.06.18"]
[SourceQuality "1"]
[WhiteTeam "Chess Rising Stars"]
[BlackTeam "Generation XYZA"]
[WhiteTeamCountry "GRE"]
[BlackTeamCountry "TUR"]

1. c4 Nf6 2. Nc3 e5 3. Nf3 Nc6 4. g3 Bb4 5. Nd5 Bc5 6. d3 h6 7. Bg2 0-0 8. 0-0 d6 9. a3 a5 10. e3 Ba7 11. b4 axb4 12. Nxb4 Bd7 13. Bb2 Re8 14. Qc2 Bc5 15. Bc3 Qc8 16. Rfb1 e4 17. Nd4 exd3 18. Nxd3 Bxd4 19. exd4 Bf5 20. Qd1 Ne4 21. Bb2 Na5 22. Rc1 Re7 23. f3 Nf6 24. Nf4 Re3 25. Kf2 Qe8 26. Rc3 Rxc3 27. Bxc3 Nxc4 28. Qe2 Qxe2+ 29. Nxe2 Rxa3 30. Rxa3 Nxa3 31. g4 Bd7 32. Bf1 Nd5 33. Bd2 Bb5 34. Bc1 Nc2 35. Bb2 Nce3 0-1

[Event "WchT Rapid"]
[Site "London"]
[Date "2025.06.11"]
[Round "4.2"]
[White "Gurel, Ediz"]
[Black "Roberson, Peter T"]
[Result "0-1"]
[WhiteElo "2452"]
[BlackElo "2372"]
[PlyCount "72"]
[EventDate "2025.06.11"]
[EventType "team-swiss"]
[EventRounds "12"]
[EventCountry "ENG"]
[SourceTitle "CB25_2025"]
[SourceDate "2025.06.18"]
[SourceVersion "1"]
[SourceVersionDate "2025.06.18"]
[SourceQuality "1"]
[WhiteTeam "Generation XYZA"]
[BlackTeam "Sharks 4NCL"]
[WhiteTeamCountry "TUR"]
[BlackTeamCountry "ENG"]

1. Nf3 d5 2. b3 c5 3. e3 Nc6 4. Bb2 a6 5. Be2 Nf6 6. d4 Bf5 7. 0-0 e6 8. Nbd2 cxd4 9. Nxd4 Nxd4 10. Bxd4 Bd6 11. c4 e5 12. Bb2 d4 13. exd4 exd4 14. h3 Bc7 15. Bf3 0-0 16. Re1 Rb8 17. Ne4 Bxe4 18. Bxe4 Qd6 19. g3 Rfd8 20. Qd3 b5 21. Rac1 Bb6 22. cxb5 Nxe4 23. Rxe4 axb5 24. Rd1 h6 25. Qf3 Ra8 26. a3 Rac8 27. Qg4 Qd7 28. Qh4 Re8 29. Rg4 f5 30. Rg6 Re6 31. Qxh6 Rcc6 32. Rxg7+ Qxg7 33. Qf4 Qe5 34. Qg5+ Rg6 35. Qd2 Qe4 36. Re1 Rc2 0-1

[Event "FRA-chT Top 16 Basse"]
[Site "Belfort"]
[Date "2025.06.01"]
[Round "4.2"]
[White "Gurel, Ediz"]
[Black "Ganguly, Surya Shekhar"]
[Result "1/2-1/2"]
[WhiteElo "2636"]
[BlackElo "2569"]
[PlyCount "56"]
[EventDate "2025.05.29"]
[EventType "team-tourn"]
[EventRounds "4"]
[EventCountry "FRA"]
[SourceTitle "CB23_2025"]
[SourceDate "2025.06.04"]
[SourceVersion "1"]
[SourceVersionDate "2025.06.04"]
[SourceQuality "1"]
[WhiteTeam "Clichy Echecs 92"]
[BlackTeam "Metz Fischer"]
[WhiteTeamCountry "FRA"]
[BlackTeamCountry "FRA"]

1. e4 e5 2. Nf3 Nc6 3. d4 exd4 4. Bc4 Nf6 5. e5 Ne4 6. Bd5 Nc5 7. 0-0 Ne6 8. c3 dxc3 9. Nxc3 d6 10. exd6 Bxd6 11. Be3 0-0 12. Qd2 Ne7 13. Bc4 Nf5 14. Rad1 Bd7 15. Bd5 Bc6 16. Ne4 Qe7 17. Bxc6 bxc6 18. Ng3 Bxg3 19. hxg3 Rfd8 20. Qc1 c5 21. Rfe1 h6 22. b3 a5 23. Ne5 Rxd1 24. Qxd1 Nfd4 25. Qg4 Qf6 26. Nd7 Qe7 27. Ne5 Qf6 28. Nd7 Qe7 1/2-1/2

[Event "FRA-chT Top 16 GpB"]
[Site "Belfort"]
[Date "2025.05.22"]
[Round "1.3"]
[White "Gurel, Ediz"]
[Black "Martirosyan, Haik M"]
[Result "1/2-1/2"]
[WhiteElo "2636"]
[BlackElo "2635"]
[PlyCount "92"]
[EventDate "2025.05.22"]
[EventType "team-tourn"]
[EventRounds "7"]
[EventCountry "FRA"]
[SourceTitle "CB22_2025"]
[SourceDate "2025.05.28"]
[SourceVersion "1"]
[SourceVersionDate "2025.05.28"]
[SourceQuality "1"]
[WhiteTeam "Clichy Echecs 92"]
[BlackTeam "Asnieres"]
[WhiteTeamCountry "FRA"]
[BlackTeamCountry "FRA"]

1. e4 e5 2. Nf3 Nc6 3. Bb5 Nf6 4. d3 Bc5 5. Bxc6 dxc6 6. Nbd2 Nd7 7. 0-0 0-0 8. Nc4 Re8 9. a4 a5 10. Kh1 f6 11. Be3 Bb4 12. Ng1 Nf8 13. Ne2 Be6 14. Nd2 Ng6 15. f4 exf4 16. Nxf4 Nxf4 17. Bxf4 Qd7 18. Qf3 Rf8 19. Qg3 Rf7 20. Nf3 Raf8 21. h3 Bd6 22. Rae1 Bxf4 23. Qxf4 Qd6 24. Qe3 c5 25. Rf2 b6 26. b3 Qg3 27. Ref1 h6 28. Qe1 Qd6 29. Nh4 Qg3 30. Nf3 Qd6 31. Nh4 Qg3 32. Nf5 Bxf5 33. exf5 Rd8 34. Re2 Qxe1 35. Rfxe1 Rfd7 36. g4 Kf7 37. Kg2 h5 38. Kg3 hxg4 39. hxg4 Rh8 40. Re6 Rhd8 41. Kf4 Rh8 42. Kg3 Rhd8 43. R6e4 Rh8 44. R4e3 Rhd8 45. Kf4 Rh8 46. Kg3 Rhd8 1/2-1/2

[Event "Titled Tuesday intern op 06th May Early"]
[Site "Chess.com INT"]
[Date "2025.05.06"]
[Round "6"]
[White "Giri, Anish"]
[Black "Gurel, Ediz"]
[Result "0-1"]
[WhiteElo "2738"]
[BlackElo "2636"]
[PlyCount "124"]
[EventDate "2025.05.06"]
[EventType "swiss (blitz)"]
[EventRounds "11"]
[EventCountry "USA"]
[SourceTitle "CB20_2025"]
[SourceDate "2025.05.14"]
[SourceVersion "1"]
[SourceVersionDate "2025.05.14"]
[SourceQuality "1"]

1. c4 Nf6 2. g3 e5 3. Bg2 Nc6 4. Nc3 Bc5 5. Nf3 d6 6. 0-0 a6 7. e3 0-0 8. d4 Ba7 9. h3 h6 10. b3 Re8 11. dxe5 Nxe5 12. Bb2 c6 13. Nxe5 dxe5 14. Qc2 Qe7 15. Rad1 Bc5 16. Na4 Ba3 17. Nb6 Rb8 18. Nxc8 Rbxc8 19. Ba1 Rcd8 20. Rxd8 Rxd8 21. Rd1 Rxd1+ 22. Qxd1 a5 23. Qd3 Nd7 24. h4 Bd6 25. Bc3 Bb4 26. Bb2 Bd6 27. Bh3 Nc5 28. Qf5 g6 29. Qc8+ Kg7 30. Bc3 Qf6 31. Qg4 h5 32. Qe2 Bc7 33. Qc2 Kh7 34. a3 Qe7 35. b4 axb4 36. axb4 Nd7 37. b5 Nc5 38. Bg2 cxb5 39. cxb5 Bd6 40. b6 e4 41. Bb4 Nd3 42. Bxd6 Qxd6 43. Qc4 Qf6 44. Qa2 Nc5 45. Qd5 Nd3 46. Qa2 Nc5 47. Qd5 Qe7 48. Bh3 Nd3 49. Bc8 Qf6 50. f4 Qa1+ 51. Kg2 Qb2+ 52. Kg1 Qf2+ 53. Kh1 Qe1+ 54. Kg2 Qe2+ 55. Kh1 Nf2+ 56. Kg1 Qxe3 57. Qxf7+ Kh6 58. Qf8+ Kh7 59. Qf7+ Kh6 60. Qf8+ Kh7 61. Kg2 Qf3+ 62. Kh2 Qh1# 0-1

[Event "Titled Tuesday intern op 06th May Early"]
[Site "Chess.com INT"]
[Date "2025.05.06"]
[Round "11"]
[White "Sindarov, Javokhir"]
[Black "Gurel, Ediz"]
[Result "1-0"]
[WhiteElo "2706"]
[BlackElo "2636"]
[PlyCount "67"]
[EventDate "2025.05.06"]
[EventType "swiss (blitz)"]
[EventRounds "11"]
[EventCountry "USA"]
[SourceTitle "CB20_2025"]
[SourceDate "2025.05.14"]
[SourceVersion "1"]
[SourceVersionDate "2025.05.14"]
[SourceQuality "1"]

1. e4 Nf6 2. e5 Nd5 3. d4 d6 4. c4 Nb6 5. exd6 exd6 6. Nc3 Be7 7. Bd3 Nc6 8. Nge2 0-0 9. 0-0 Bf6 10. Be3 Nb4 11. b3 Nxd3 12. Qxd3 Re8 13. Rac1 c6 14. d5 c5 15. Bf4 Be5 16. Bxe5 Rxe5 17. Ng3 Nd7 18. Rce1 Qe7 19. Nce4 f5 20. f4 fxe4 21. Qd1 Nf6 22. fxe5 Qxe5 23. Qc2 e3 24. Qe2 Ng4 25. Qf3 Qe7 26. h3 Ne5 27. Qxe3 Bd7 28. Ne4 Re8 29. Qg5 Qxg5 30. Nxg5 Re7 31. Ne4 Nf7 32. Nf6+ Kf8 33. Rxe7 Kxe7 34. Nxd7 1-0

[Event "EU-ch 25th"]
[Site "Eforie Nord"]
[Date "2025.03.15"]
[Round "1"]
[White "Gurel, Ediz"]
[Black "Petrovic, Aleksa"]
[Result "1-0"]
[WhiteElo "2620"]
[BlackElo "2294"]
[PlyCount "207"]
[EventDate "2025.03.15"]
[EventType "swiss"]
[EventRounds "11"]
[EventCountry "ROU"]
[SourceTitle "CB13_2025"]
[SourceDate "2025.03.26"]
[SourceVersion "1"]
[SourceVersionDate "2025.03.26"]
[SourceQuality "1"]

1. e4 e5 2. Nf3 Nf6 3. Nxe5 Nxe4 4. Qe2 Qe7 5. Qxe4 d6 6. d4 dxe5 7. dxe5 Nc6 8. Nc3 Qxe5 9. Qxe5+ Nxe5 10. Nb5 Bb4+ 11. Bd2 Bxd2+ 12. Kxd2 Kd8 13. Re1 Ng4 14. f3 Nf6 15. Bc4 Rf8 16. a4 Ne8 17. Kc1 c6 18. Rd1+ Bd7 19. Rd2 Kc8 20. Nc3 Nf6 21. Re2 Kc7 22. Re7 Rae8 23. Rxf7 Rxf7 24. Bxf7 Re7 25. Bc4 g5 26. Bd3 h5 27. Kd2 h4 28. Re1 Rxe1 29. Kxe1 Kd6 30. Kf2 Ke5 31. Be4 g4 32. Ke3 gxf3 33. gxf3 a5 34. Nd1 Nd5+ 35. Kd2 Nf6 36. Nf2 Nxe4+ 37. fxe4 c5 38. Nd3+ Kd6 39. b3 c4 40. Nb2 cxb3 41. cxb3 Kc5 42. Kc3 b5 43. axb5 Bxb5 44. Na4+ Kd6 45. Kd4 Be8 46. Nb6 Ke6 47. Nc4 a4 48. b4 Bc6 49. Na3 Bd7 50. b5 Bc8 51. Nc4 Bb7 52. e5 h3 53. b6 Bh1 54. Kc3 Bg2 55. Kb4 Bc6 56. Kc5 Bd5 57. Kd4 Bg2 58. Na3 Bh1 59. Nb5 Bc6 60. Kc5 Bb7 61. Kd4 Bc6 62. Nc7+ Kd7 63. Kc5 Bb7 64. e6+ Ke7 65. Kb4 Bc6 66. Ka3 Kd6 67. Kb4 Ke7 68. Kc5 Bb7 69. Kc4 Bc6 70. Kb4 Kd6 71. Nb5+ Kxe6 72. Kxa4 Ke5 73. Kb4 Kf4 74. Kc5 Ba8 75. Nc7 Bb7 76. Ne6+ Kf3 77. Kd4 Kg2 78. Ke3 Kxh2 79. Kf2 Ba8 80. Nd4 Bb7 81. Nf5 Ba8 82. Ne3 Bb7 83. Ng4+ Kh1 84. Ne5 Kh2 85. Nd3 Ba8 86. Nc1 Bb7 87. Ne2 Ba8 88. Nf4 Bb7 89. Ng6 Ba8 90. Ne5 Bb7 91. Ng4+ Kh1 92. Ne3 Kh2 93. Ng4+ Kh1 94. Kg3 Kg1 95. Kxh3 Kf1 96. Kg3 Ke2 97. Kf4 Kd2 98. Ke5 Ke1 99. Kd6 Kd2 100. Ne5 Ke1 101. Nc6 Kf1 102. Kc7 Ba8 103. Nd8 Kg1 104. Nb7 1-0

[Event "Prague Masters 7th"]
[Site "Prague"]
[Date "2025.03.02"]
[Round "5"]
[White "Navara, David"]
[Black "Gurel, Ediz"]
[Result "1/2-1/2"]
[WhiteElo "2677"]
[BlackElo "2624"]
[PlyCount "60"]
[EventDate "2025.02.26"]
[EventType "tourn"]
[EventRounds "9"]
[EventCountry "CZE"]
[EventCategory "15"]
[SourceTitle "CB11_2025"]
[SourceDate "2025.03.12"]
[SourceVersion "1"]
[SourceVersionDate "2025.03.12"]
[SourceQuality "1"]

1. d4 d5 2. c4 dxc4 3. Nf3 Nf6 4. e3 e6 5. Bxc4 a6 6. 0-0 c5 7. e4 b5 8. Be2 Be7 9. a4 Bb7 10. axb5 0-0 11. e5 Nd5 12. dxc5 Bxc5 13. Nc3 axb5 14. Rxa8 Bxa8 15. Ne4 Be7 16. Bxb5 Nc6 17. Bxc6 Bxc6 18. Nd4 Ba8 19. Qg4 Kh8 20. Bg5 Bxg5 21. Qxg5 Nf4 22. Qxd8 Rxd8 23. Nd6 Kg8 24. Rc1 Nd3 25. Rc8 Rxc8 26. Nxc8 Nxb2 27. f4 Nd3 28. g3 g5 29. fxg5 Nxe5 30. h4 Kg7 1/2-1/2

[Event "Prague Masters 7th"]
[Site "Prague"]
[Date "2025.03.01"]
[Round "4"]
[White "Gurel, Ediz"]
[Black "Giri, Anish"]
[Result "1/2-1/2"]
[WhiteElo "2624"]
[BlackElo "2728"]
[PlyCount "60"]
[EventDate "2025.02.26"]
[EventType "tourn"]
[EventRounds "9"]
[EventCountry "CZE"]
[EventCategory "15"]
[SourceTitle "CB11_2025"]
[SourceDate "2025.03.12"]
[SourceVersion "1"]
[SourceVersionDate "2025.03.12"]
[SourceQuality "1"]

1. e4 c5 2. Nf3 d6 3. Bb5+ Bd7 4. Bxd7+ Qxd7 5. 0-0 Nf6 6. Re1 Nc6 7. c3 e6 8. d4 cxd4 9. cxd4 d5 10. e5 Ne4 11. Nbd2 Nxd2 12. Bxd2 Bb4 13. Bxb4 Nxb4 14. Qd2 a5 15. h4 0-0 16. h5 h6 17. Rec1 Rfc8 18. a3 Nc6 19. Rc3 a4 20. Rac1 Ne7 21. g4 Rxc3 22. Rxc3 Rc8 23. Rxc8+ Qxc8 24. Kg2 Qd7 25. Qa5 b5 26. Qa8+ Qc8 27. Qa7 Qe8 28. Qb6 g6 29. hxg6 Nxg6 30. Qc5 Kg7 1/2-1/2

[Event "Prague Masters 7th"]
[Site "Prague"]
[Date "2025.02.28"]
[Round "3"]
[White "Le, Quang Liem"]
[Black "Gurel, Ediz"]
[Result "1/2-1/2"]
[WhiteElo "2739"]
[BlackElo "2624"]
[PlyCount "74"]
[EventDate "2025.02.26"]
[EventType "tourn"]
[EventRounds "9"]
[EventCountry "CZE"]
[EventCategory "15"]
[SourceTitle "CB11_2025"]
[SourceDate "2025.03.12"]
[SourceVersion "1"]
[SourceVersionDate "2025.03.12"]
[SourceQuality "1"]

1. e4 e5 2. Nf3 Nf6 3. d4 Nxe4 4. dxe5 d5 5. Nbd2 Nxd2 6. Bxd2 c5 7. Bd3 c4 8. Be2 Nc6 9. 0-0 Be7 10. Bf4 0-0 11. Qd2 h6 12. Rad1 Be6 13. c3 Qc8 14. h3 Rd8 15. Qe3 b5 16. Nh2 Bf8 17. g4 b4 18. Bg3 bxc3 19. bxc3 Rb8 20. Rd2 d4 21. cxd4 c3 22. Rd3 Bc4 23. Nf3 Rb2 24. Rc1 Qa6 25. Rcxc3 Qxa2 26. Bf1 Rb1 27. Rxc4 Qxc4 28. Nd2 Rxf1+ 29. Kxf1 Qd5 30. Qe4 Qxe4 31. Nxe4 Rxd4 32. Rxd4 Nxd4 33. f4 a5 34. Bf2 Nc6 35. Ke2 a4 36. Kd3 a3 37. Kc3 g5 1/2-1/2

[Event "Prague Masters 7th"]
[Site "Prague"]
[Date "2025.02.27"]
[Round "2"]
[White "Gurel, Ediz"]
[Black "Praggnanandhaa, Rameshbabu"]
[Result "1/2-1/2"]
[WhiteElo "2624"]
[BlackElo "2741"]
[PlyCount "91"]
[EventDate "2025.02.26"]
[EventType "tourn"]
[EventRounds "9"]
[EventCountry "CZE"]
[EventCategory "15"]
[SourceTitle "CB11_2025"]
[SourceDate "2025.03.12"]
[SourceVersion "1"]
[SourceVersionDate "2025.03.12"]
[SourceQuality "1"]

1. e4 e6 2. d4 d5 3. Nd2 c5 4. exd5 Qxd5 5. Ngf3 cxd4 6. Bc4 Qd7 7. 0-0 Nc6 8. Nb3 Nf6 9. Nbxd4 Nxd4 10. Nxd4 a6 11. Re1 Bc5 12. Be3 0-0 13. Bb3 b6 14. Nf3 Qc7 15. Bxc5 bxc5 16. Qe2 Bb7 17. c3 Rab8 18. Ne5 Be4 19. Nc4 Rfd8 20. Rad1 Bd5 21. Qe5 Qb7 22. Nd6 Qc7 23. Nc4 Qc6 24. Rd3 Bxc4 25. Bxc4 Qb6 26. Rg3 Ne8 27. h3 Rd2 28. b3 Qd6 29. a4 a5 30. Qe3 g6 31. Rg5 Rc8 32. Re5 Ng7 33. g4 Rc2 34. Qf3 Qd2 35. R1e3 Rc1+ 36. Kg2 Qd1 37. Qxd1 Rxd1 38. Bb5 Kf8 39. R5e4 Ne8 40. Bxe8 Kxe8 41. b4 Ra1 42. bxa5 Ra8 43. Rc4 Rxa5 44. Re5 R1xa4 45. Rxa4 Rxa4 46. Rxc5 1/2-1/2

[Event "Titled Tuesday intern op 04th Feb Early"]
[Site "Chess.com INT"]
[Date "2025.02.04"]
[Round "11"]
[White "Bortnyk, Olexandr"]
[Black "Gurel, Ediz"]
[Result "0-1"]
[WhiteElo "2601"]
[BlackElo "2624"]
[PlyCount "62"]
[EventDate "2025.02.04"]
[EventType "swiss (blitz)"]
[EventRounds "11"]
[EventCountry "USA"]
[SourceTitle "CB07_2025"]
[SourceDate "2025.02.12"]
[SourceVersion "1"]
[SourceVersionDate "2025.02.12"]
[SourceQuality "1"]

1. d4 Nf6 2. Nc3 d5 3. Bf4 c6 4. e3 Bf5 5. Bd3 Bxd3 6. cxd3 Nbd7 7. Nf3 e6 8. 0-0 Be7 9. a3 0-0 10. b4 a5 11. b5 c5 12. dxc5 Nxc5 13. d4 Nce4 14. Na4 Rc8 15. Qb3 Bd6 16. Bxd6 Qxd6 17. Rac1 h6 18. h3 Nd7 19. Rfd1 Rc7 20. b6 Rc6 21. Qb5 Rfc8 22. Rxc6 Rxc6 23. Qxa5 Qxa3 24. Qb5 Rc1 25. Rxc1 Qxc1+ 26. Kh2 Nxf2 27. Qxd7 Qh1+ 28. Kg3 Ne4+ 29. Kf4 Qxg2 30. Qe8+ Kh7 31. Qxf7 Qg3# 0-1

[Event "Titled Tuesday intern op 04th Feb Early"]
[Site "Chess.com INT"]
[Date "2025.02.04"]
[Round "2"]
[White "Gurel, Ediz"]
[Black "Ianocichin, Nicolai"]
[Result "1-0"]
[WhiteElo "2624"]
[BlackElo "2102"]
[PlyCount "82"]
[EventDate "2025.02.04"]
[EventType "swiss (blitz)"]
[EventRounds "11"]
[EventCountry "USA"]
[SourceTitle "CB07_2025"]
[SourceDate "2025.02.12"]
[SourceVersion "1"]
[SourceVersionDate "2025.02.12"]
[SourceQuality "1"]

1. Nf3 c5 2. b3 Nf6 3. Bb2 e6 4. e3 g6 5. Be2 Bg7 6. 0-0 0-0 7. d4 b6 8. c4 Bb7 9. Nbd2 d5 10. Rc1 Nbd7 11. Qc2 Rc8 12. Qb1 Re8 13. Rfd1 cxd4 14. Nxd4 Nc5 15. cxd5 Nxd5 16. Nc4 Qg5 17. Nf3 Qe7 18. Bxg7 Kxg7 19. Qb2+ f6 20. Nd4 e5 21. Nb5 Rcd8 22. Nxa7 Nb4 23. Qa3 Nbd3 24. Bxd3 Nxd3 25. Qxe7+ Rxe7 26. Rc3 e4 27. Nb5 f5 28. Nxb6 Kh6 29. Nd4 f4 30. Nc4 Bd5 31. h3 Kg5 32. exf4+ Nxf4 33. Ne3 Bb7 34. Rc5+ Kh6 35. Ndf5+ gxf5 36. Nxf5+ Kg5 37. Nxe7+ Kf6 38. Rxd8 Kxe7 39. Rh8 Ne2+ 40. Kf1 Ba6 41. Rxh7+ Kf8 1-0

[Event "Titled Tuesday intern op 04th Feb Early"]
[Site "Chess.com INT"]
[Date "2025.02.04"]
[Round "8"]
[White "Gurel, Ediz"]
[Black "Moroni, Luca Jr"]
[Result "1-0"]
[WhiteElo "2624"]
[BlackElo "2552"]
[PlyCount "123"]
[EventDate "2025.02.04"]
[EventType "swiss (blitz)"]
[EventRounds "11"]
[EventCountry "USA"]
[SourceTitle "CB07_2025"]
[SourceDate "2025.02.12"]
[SourceVersion "1"]
[SourceVersionDate "2025.02.12"]
[SourceQuality "1"]

1. Nf3 g6 2. b3 Bg7 3. d4 c5 4. Bb2 cxd4 5. Nxd4 Nf6 6. e3 0-0 7. Be2 Nc6 8. 0-0 b6 9. Nd2 Bb7 10. c4 Nxd4 11. Bxd4 d5 12. Rc1 Rc8 13. h3 Qd7 14. Bf3 dxc4 15. Nxc4 Bxf3 16. Qxf3 Qd5 17. Qe2 b5 18. Nd2 a6 19. Nf3 Ne4 20. Bxg7 Kxg7 21. Qb2+ Kg8 22. Rfd1 Qb7 23. Qe5 b4 24. Rxc8 Rxc8 25. Rd4 Nc3 26. Rd2 Ne4 27. Rd4 Nc3 28. Kh1 Nxa2 29. Qf4 Rc1+ 30. Ng1 Qc7 31. Qe4 a5 32. Qa8+ Kg7 33. Rd8 Nc3 34. Rg8+ Kf6 35. Qf3+ Ke6 36. Rf8 f5 37. g4 Qe5 38. gxf5+ gxf5 39. Qc6+ Qd6 40. Qc8+ Qd7 41. Qa6+ Qd6 42. Qxa5 Qd5+ 43. Qxd5+ Nxd5 44. Kg2 Rb1 45. Ne2 Nc3 46. Nd4+ Kd7 47. Rxf5 Kd6 48. f4 Nd5 49. Re5 Re1 50. Kf3 Nc3 51. Nf5+ Kc6 52. Rxe7 Kc5 53. Rxh7 Rf1+ 54. Kg2 Rb1 55. Nd4 Nd5 56. Kf3 Re1 57. Nc2 Rb1 58. Rh5 Rxb3 59. Ke4 Kc4 60. Rxd5 Rb2 61. Rd4+ Kc3 62. Nxb4 1-0

[Event "Titled Tuesday intern op 04th Feb Early"]
[Site "Chess.com INT"]
[Date "2025.02.04"]
[Round "3"]
[White "Laurent Paoli, Pierre"]
[Black "Gurel, Ediz"]
[Result "1-0"]
[WhiteElo "2565"]
[BlackElo "2624"]
[PlyCount "63"]
[EventDate "2025.02.04"]
[EventType "swiss (blitz)"]
[EventRounds "11"]
[EventCountry "USA"]
[SourceTitle "CB07_2025"]
[SourceDate "2025.02.12"]
[SourceVersion "1"]
[SourceVersionDate "2025.02.12"]
[SourceQuality "1"]

1. d4 Nf6 2. c4 e5 3. dxe5 Ng4 4. Nf3 Nc6 5. Bg5 Be7 6. Bxe7 Qxe7 7. Nc3 Qb4 8. a3 Qxc4 9. e3 Qc5 10. Rc1 Ngxe5 11. Nd5 Qd6 12. Ng5 0-0 13. f4 Qh6 14. h4 Ng6 15. Nxc7 Rb8 16. Qd6 b5 17. Nd5 Re8 18. h5 f6 19. hxg6 Qxh1 20. gxh7+ Kh8 21. Nxf6 Qh4+ 22. Kd1 Re7 23. Qxe7 Qh5+ 24. Nxh5 Nxe7 25. Bd3 g6 26. Nf6 Kg7 27. Ne8+ Kh8 28. Nd6 Ba6 29. Ndf7+ Kg7 30. h8Q+ Rxh8 31. Nxh8 Kxh8 32. Rc7 1-0